Três Fábulas (Registo nº 1099)
[ vista simples ]
| 000 -Etiqueta do registo | |
|---|---|
| Cabeçalho | 00957nam0a2200313 i 4500 |
| 005 - Identificador da versão | |
| Campo de controlo | 20240813121825.0 |
| 010 ## - Número internacional normalizado dos livros (ISBN) | |
| Número (ISBN) | 9789722119627 |
| 021 ## - Número do Depósito Legal | |
| Código do país | PT |
| Número | 266 283/07 |
| 100 ## - Dados gerais de processamento | |
| Dados gerais de processamento | 20100329d2007 a y0pory5003 ba |
| 102 ## - Pais de publicação ou produção | |
| País de publicação | Portugal |
| 101 0# - Língua de publicação | |
| Língua do texto, banda sonora, etc. | Português |
| Língua do documento no original | Português |
| 106 ## - Campo de dados codificados: material textual | |
| Dados codificados do material textual | r |
| 105 ## - Campo de dados codificados: livros | |
| Dados codificados dos livros | a z 001yy |
| 215 ## - Descrição física | |
| Indicação específica da natureza do documento e extensão da espécie | 31 p. |
| Outras indicações físicas | il |
| 200 1# - Titulo e menção de responsabilidade | |
| Título próprio | Três Fábulas |
| Primeira menção de responsabilidade | Ana Maria Magalhães |
| -- | Isabel Alçada |
| Outras menções de responsabilidade | il. Danuta Wojciechowska |
| 205 ## - Menção da edição | |
| Menção da edição | 1ª ed. |
| 210 ## - Publicação, Distribuição, etc. | |
| Lugar da edição, distribuição, etc. | Lisboa |
| Nome do editor, distribuidor, etc. | Caminho |
| Data da publicação, distribuição, etc. | 2007 |
| 327 ## - Nota de conteúdo | |
| Texto da nota | Contém: A cegonha e a tartaruga; O tritão e os pescadores; A ursa e o mensageiro dos deuses |
| 304 ## - Notas relativas a título e menção de responsabilidade | |
| Texto da nota | Tít. orig.: |
| 606 ## - Nome comum usado como assunto | |
| Número de registo de entrada de autoridade | 0001489 |
| Palavra de ordem | Fábulas |
| Subdivisão de assunto | Publicações Infantis |
| 675 ## - Classificação Decimal Universal (CDU) | |
| Notação | 821.134.3-34 |
| Edição | BN |
| Língua da edição | por |
| 702 #1 - Nome de autor-pessoa física (responsabilidade secundária) | |
| Número de registo de entrada de autoridade | 0000715 |
| Palavra de ordem | Wojciechowska |
| Outra parte do nome não tomada para palavra de ordem | Danuta |
| Código de função | Ilustrador / Técnico de desenho computorizado |
| 701 #1 - Nome de autor-pessoa física (co-responsabilidade principal) | |
| Palavra de ordem | Alçada |
| Outra parte do nome não tomada para palavra de ordem | Isabel |
| Código de função | Autor / Co-autor |
| 700 #1 - Nome de autor-pessoa física (responsabilidade principal) | |
| Número de registo de entrada de autoridade | 0000674 |
| Palavra de ordem | Magalhães |
| Outra parte do nome não tomada para palavra de ordem | Ana Maria |
| Datas | 1946- |
| 942 ## - Elementos de entrada adicionados (Koha) | |
| Tipo de item no Koha | Livro |
| Situação do levantamento | Origin of item (home branch) (coded) | Biblioteca de empréstimo | Código de barras | Cota | Circulation type (not for loan) | Tipo de documento | Nota do exemplar | Damaged status |
|---|---|---|---|---|---|---|---|---|
| Biblioteca Escolar Eng. Nuno Mergulhão | Biblioteca Escolar Eng. Nuno Mergulhão | BENM1987 | 8POR MAG | Livro | Sem mensagem |
